000 01269nam a2200361 i 4500
005 20220317001420.0
007 ta
008 210825s2014 ck er 000 pdmul d
020 _a9789585839250
040 _aCO-BoRNBP
_bspa
_cCO-BoRNBP
_erda
041 0 _aspa
_aeng
084 _aP HEA2
100 1 _aHeaney, Seamus
_d1939-2013
_eautor
245 1 0 _aCadena humana
_cSeamus Heaney ; traducción de Pura López Colomé
250 _aSegunda edición
264 1 _aBogotá
_bVisor Libros
_c2014
300 _a159 páginas
_c20 cm
336 _atexto
_btxt
_2rdacontent
337 _asin mediación
_bn
_2rdamedia
338 _avolumen
_bnc
_2rdacarrier
490 0 _aColección Visor de Poesía
_aColección Visor Libros Colombia
_v6
521 _aRecomendado para un público adulto
545 _aIncluye datos biográficos del autor en la contracarátula del texto
546 _aTexto en español e inglés
650 1 7 _aPoesía irlandesa
_ySiglo XX
_2LEMB
650 1 7 _aLiteratura irlandesa
_ySiglo XX
_2LEMB
650 1 7 _aAutores irlandeses
_ySiglo XX
_2LEMB
650 1 7 _aEmociones
_vPoesía
_2LEMB
650 1 7 _aTristeza
_vPoesía
_2LEMB
650 1 7 _aMuerte
_vPoesía
_2LEMB
700 1 _aLópez Colomé, Pura
_etraductora
_972663
942 _2loc
_cBKLIT
999 _c6911
_d6911